LEADER 01366nam a2200313 a 4500 001 000000159767 003 CaOOAMICUS 005 20170330095719.0 008 170330s2017 gw u000 u ger r 020 $a9783874972918* 032 $aLibriCat 040 $aPUL$bita 100 1 $aHahn, Judith,$d1978-$0(OLS)http://pul/name/87973 245 14$aDas kirchliche Richteramt : $bRechtsgestalt, Theorie und Theologie /$cJudith Hahn. 260 $aEssen :$bLudgerus-Verlag,$cİ2017. 300 $aXVII, 819 p. ;$c23 cm. 490 1 $aMünsterischer Kommentar zum Codex Iuris Canonici.$aBeiheft ;$v74 504 $aBibliografia p. 743-819. 650 4$aGiudici ecclesiastici.$0(OLS)http://pul/subject/42750 830 0$aMünsterischer Kommentar zum Codex Iuris Canonici.$pBeiheft ;$v74.$0(OLS)http://pul/title/90672 850 $aPUL 852 $aPUL$W1$xSL Diritto Canonico 3$y77$m262. 99 CAN.9 7.74$j183335$qDDC 21$B186541$CPULBib$Z2$F186541 $H129214 $82 941 1 $a9 983 0$aBeihefte zur Münsterischen Kommentar. 983 0$aBzMK. 996 $6020$a9783874972918*$9(OLS)http://pul/number/162287 996 $6245$aDas kirchliche Richteramt : $bRechtsgestalt, Theorie und Theologie$9(OLS)http://pul/title/199398 996 $6260$aEssen :$bLudgerus-Verlag$9(OLS)http://pul/publisher/63106 LEADER 01097nam a2200289 a 4500 001 000000166102 003 CaOOAMICUS 005 20180222100924.0 008 180222s2010 enk u000 u eng r 020 $a978-0-7456-4907-8* 032 $aLibriCat 040 $aPUL$bita 082 04$a191 100 1 $aBernstein, Richard J.$0(OLS)http://pul/name/34595 245 14$aThe pragmatic turn / $cRichard J. Bernstein. 260 $aCambridge :$bPolity,$cİ2010. 300 $axi, 263 p. ;$c24 cm. 504 $aContiene indici e riferimenti bibliografici. 650 4$aFilosofia americana$xSec. XX.$0(OLS)http://pul/subject/10406 850 $aPUL 852 $aPUL$W1$xSL Filosofia 3$y81$m191 BERRI 1$j190613$qDDC 21$B193509$CPULBib$Z2$F193509 $H130505 $81 941 1 $a9 996 $6020$a978-0-7456-4907-8*$9(OLS)http://pul/number/163590 996 $6082$a191$9(OLS)http://pul/classification/499 996 $6245$aThe pragmatic turn / $9(OLS)http://pul/title/205821 996 $6260$aCambridge :$bPolity$9(OLS)http://pul/publisher/72193